'N' Countries Quiz Stats

 Plays Quiz Updated Aug 6, 2018

Also try: 'B' Countries
Challenge
Share
Tweet
Embed
Score 0/10 Timer 02:00
0 Plays Today
% Correct
Niger
89.5%
Nigeria
88.4%
Nicaragua
79%
Norway
77.2%
Namibia
76.9%
Netherlands
70.2%
North Korea
70%
Nepal
69.5%
New Zealand
69.3%
Nauru
59.3%

You're not logged in!

Compare scores with friends on all Sporcle quizzes.
OR
Log In

You Might Also Like...

Show Comments

Extras

Top Quizzes Today


Score Distribution

Your Account Isn't Verified!

In order to create a playlist on Sporcle, you need to verify the email address you used during registration. Go to your Sporcle Settings to finish the process.

Report this User

Report this user for behavior that violates our Community Guidelines.

Details: